| 000 | 00766cam a22002651 4500 | ||
|---|---|---|---|
| 001 | sa 65006069 | ||
| 003 | DLC | ||
| 005 | 20260227112140.0 | ||
| 008 | 810518s1964 pk ab b 000 0 eng | ||
| 010 | _asa 65006069 | ||
| 025 | _aPL480:P-E-670 | ||
| 035 | _a(OCoLC)7428287 | ||
| 040 |
_aDLC _cMnSU _dDLC |
||
| 042 | _apremarc | ||
| 043 | _aa-pk--- | ||
| 050 | 0 | 0 |
_aSH117.P3 _bH8 1964 |
| 100 | 1 | _aHusain, K. A. | |
| 245 | 1 | 0 | _aHistory of fisheries research & development in West Pakistan, 1870-1963. |
| 250 | _a2d print, rev. and enl. | ||
| 260 |
_a[Lahore?] _c1964. |
||
| 300 |
_ax, 158 l. _billus., maps (part col.) _c30 cm. |
||
| 504 | _aBibliography: leaves 145-158. | ||
| 650 | 0 |
_aFish culture _zPakistan. |
|
| 650 | 0 |
_aFisheries _xResearch _zPakistan. |
|
| 999 |
_c64515 _d64515 |
||